Jack's pet & breakfast time / (Record no. 9018)

MARC details
000 -LEADER
fixed length control field 01195nam a22002537a 4500
001 - CONTROL NUMBER
control field 9018
003 - CONTROL NUMBER IDENTIFIER
control field FISKH
005 - DATE AND TIME OF LATEST TRANSACTION
control field 20251114101213.0
008 - FIXED-LENGTH DATA ELEMENTS--GENERAL INFORMATION
fixed length control field 251114b cb ||||| |||| 00| 0 eng d
020 ## - INTERNATIONAL STANDARD BOOK NUMBER
International Standard Book Number 9789831459898
040 ## - CATALOGING SOURCE
Original cataloging agency FISKH
Language of cataloging eng
Transcribing agency FISKH
Modifying agency FISKH
082 ## - DEWEY DECIMAL CLASSIFICATION NUMBER
Classification number 372.6
100 ## - MAIN ENTRY--PERSONAL NAME
Personal name Anonymous
245 ## - TITLE STATEMENT
Title Jack's pet & breakfast time /
260 ## - PUBLICATION, DISTRIBUTION, ETC.
Place of publication, distribution, etc. Kula Lampur :
Name of publisher, distributor, etc. Mind to Mind,
300 ## - PHYSICAL DESCRIPTION
Extent 32 pages :
Other physical details color illustrations ;
Dimensions 21 cm
505 ## - FORMATTED CONTENTS NOTE
Formatted contents note G<br/>
520 ## - SUMMARY, ETC.
Summary, etc. 1. Jack’s Pet – A simple, fun story about Jack and his mysterious new pet. The text uses repetitive rhyming patterns to support early reading skills, helping children hear and identify similar word endings.<br/><br/>2. Breakfast Time – A cheerful morning story focusing on breakfast foods and routines. It introduces more rhyming word pairs through playful sentences, making reading enjoyable and rhythmic.<br/><br/>Both stories use easy vocabulary, repetition, and rhymes, making them suitable for beginning readers or ELL students.
521 8# - TARGET AUDIENCE NOTE
Target audience note 380<br/>
Source Lexile estimate<br/>
521 8# - TARGET AUDIENCE NOTE
Target audience note G<br/>
Source Raz-Plus<br/>
650 ## - SUBJECT ADDED ENTRY--TOPICAL TERM
Topical term or geographic name entry element Rhyming Words
Form subdivision Beginner Reading
General subdivision Literacy Skills
942 ## - ADDED ENTRY ELEMENTS (KOHA)
Source of classification or shelving scheme Dewey Decimal Classification
Koha item type Books
Suppress in OPAC No
Holdings
Withdrawn status Lost status Source of classification or shelving scheme Damaged status Not for loan Collection Home library Current library Shelving location Date acquired Total Checkouts Full call number Barcode Date last seen Copy number Price effective from Koha item type
    Dewey Decimal Classification     Juvenile Fiction Footprints International School Library Network Toul Tom Poung Campus Footprints International School Library Network Toul Tom Poung Campus TTP Primary Dark Blue Bookshelves 11/14/2025   ANO 372.6 FISTKKB121 11/14/2025 1 11/14/2025 Books